Kings and kingship in the Hellenistic World 350-30 BC /

محفوظ في:

المؤلف الرئيسي: Grainger, John D., 1939- (مؤلف)

التنسيق: كتاب

اللغة: English

منشور في: Barnsley : Pen and Sword, 2017.

الموضوعات:

الوسوم: إضافة وسم

لا توجد وسوم, كن أول من يضع وسما على هذه التسجيلة!

رقم الطلب: DF235.3 .G73 2017

LEADER 01277namaa2200277 4500
003 OSt
005 20251229103205.0
008 130303s2017 enk b 001 0 eng d
020 |a 9781473863750 
040 |c ARCE Library 
043 |a e-gr---  |a e-xn---  |a e-it--- 
050 4 |a DF235.3 .G73 2017 
100 1 |a Grainger, John D.,   |d 1939-,   |e author 
245 1 0 |a Kings and kingship in the Hellenistic World 350-30 BC /  |c John D. Grainger. 
264 1 |a Barnsley :  |b Pen and Sword,  |c 2017. 
300 |a x, 262 pages ;   |c 24 cm. 
504 |a Includes bibliographical references and index 
505 |a Becoming a king -- Kings and the gods -- Kings and kings Kings, wives, and children -- Kings and palaces -- Kings and governing -- Kings and people -- Kings and cities -- Kings and war -- Kings and death -- Kings and intellectuals -- Usurpations, legitimacy, and extinctions -- Kings and Rome -- Appendix 1. Dynasties -- Appendix 2. Suppression of monarchies. 
651 0 |a Greece  |x Kings and rulers  |x History  |y To 1500. 
651 0 |a Greece   |x Politics and government   |y To 146 B.C. 
651 0 |a Rome  |x Kings and rulers. 
651 0 |a Rome   |x Politics and government   |y 265-30 B.C. 
651 0 |a Macedonia   |x Kings and rulers. 
901 |a reviewed 
942 |c BK  |2 lcc 
999 |c 7270  |d 7270